| 000 | 01412cam a22001934a 4500 | ||
|---|---|---|---|
| 005 | 20250605164135.0 | ||
| 008 | 250528s ||||||||||||||||||||||||d | ||
| 035 | _a18752 | ||
| 020 | _a9600107599 | ||
| 040 |
_aGR-AtMCL _bgre _dGR-AtMCL _eAACR2 |
||
| 245 | 1 |
_aΟικονομική του Περιβάλλοντος και των Φυσικών Πόρων. _nΤόμος Β' |
|
| 260 |
_bGutenberg, _c2001 |
||
| 300 | _a464 | ||
| 520 | _aΓενικευμένη Σπανιότητα Φυσικών Πόρων, Η Οικονομική του Ελέγχου της Ρύπανσης: Επισκόπηση, Σταθερή Πηγή Τοπικής Ατμοσφαιρικής Ρύπανσης, Περιφερειακοί και Παγκόσμιοι Ατμοσφαιρικοί Ρύποι: Όξινη Βροχή και Αλλαγή της Ατμόσφαιρας, Κινητή Πηγή Ατμοσφαιρικής Ρύπανσης, Ρύπανση των Υδάτων, Τοξικές Ουσίες, Περιβαλλοντική Δικαιοσύνη, Ανάπτυξη και Φτώχεια και Περιβάλλον, Η Αναζήτηση μιας Διατηρήσιμης Ανάπτυξης, Αναθεώρηση των Μελλοντικών Προοπτικών, Εθρετήριο Ονομάτων και Πραγμάτων. | ||
| 700 | 1 |
_aTietenberg Tom _94714 |
|
| 942 | _cBK | ||
| 999 |
_c4069 _d4069 |
||